Statistics for The Libertadores de America Champions Quiz

Click here to take the quiz!

General Stats

  • This quiz has been taken 367 times
    (63 since last reset)
  • The average score is 49 of 63

Answer Stats

YearAnswer% Correct
2003Boca Juniors
96%
2007Boca Juniors
96%
1978Boca Juniors
96%
1977Boca Juniors
96%
2000Boca Juniors
96%
2001Boca Juniors
96%
2018River Plate
96%
1981Flamengo
91%
2022Flamengo
91%
2019Flamengo
91%
2011Santos
91%
1963Santos
91%
1962Santos
91%
2005São Paulo
91%
1993São Paulo
91%
1992São Paulo
91%
2017Grêmio
82%
1995Grêmio
82%
1983Grêmio
82%
2020Palmeiras
82%
1999Palmeiras
82%
2021Palmeiras
82%
1987Peñarol
82%
1961Peñarol
82%
1960Peñarol
82%
1982Peñarol
82%
1966Peñarol
82%
1973Independiente
77%
1964Independiente
77%
1972Independiente
77%
1974Independiente
77%
1975Independiente
77%
1965Independiente
77%
1984Independiente
77%
2012Corinthians
75%
2010Internacional
75%
2006Internacional
75%
1980Nacional
75%
1988Nacional
75%
1971Nacional
75%
2013Atlético Mineiro
72%
1967Racing
72%
1976Cruzeiro
70%
1997Cruzeiro
70%
2009Estudiantes
70%
1969Estudiantes
70%
1968Estudiantes
70%
1970Estudiantes
70%
1991Colo Colo
68%
2014San Lorenzo
68%
1989Atletico Nacional
67%
2016Atletico Nacional
67%
2002Olimpia
65%
1979Olimpia
65%
1990Olimpia
65%
2008LDU
63%
1998Vasco da Gama
61%
2004Once Caldas
54%
1985Argentinos Juniors
53%
2015River Plate
51%
1986River Plate
51%
1996River Plate
51%
1994Velez Sarsfield
51%

Score Distribution

Percentile by Number Answered

Percent of People with Each Score

Your Score History

You have not taken this quiz since the last reset